Culture Générale - Série 436 - Statistiques

Statistiques générales
  • Ce quiz a été pris 147 fois
  • Le résultat moyen est 3 sur 10
Statistiques - réponses
Question Réponse % Correct
Quelle héroïne possède un parapluie dont le pommeau est une tête de perroquet qui parle ? Mary Poppins
67%
Quel cépage de raisin français peut être dit noir, meunier ou liebault ? pinot
57%
Pour quel film d'animation le groupe Native chante‐t‐il "L'Air du vent" ? Pocahontas
42%
Quel Michel réalise le film "Mauvaise Passe" en 1999 ? Michel Blanc
38%
Quel groupe chante le titre "Tostaky" en 1992 ? Noir Désir
30%
Quelle princesse est appelée Rose par Flora, Pâquerette et Pimprenelle ? Aurore
25%
Quel mouvement politique publie la revue "Le Drapeau noir" à la fin du 19e siècle ? L’anarchisme
25%
Dans "Aladdin", quel nom porte le tigre de Jasmine ? Rajah
20%
Comment se prénomme la biche qui est la maman des enfants de Bambi ? Féline
8%
En 1986, dans la chanson de Philippe Russo, qu'est‐ce qui est noire ? magie
4%
Aucun quiz correspondant
Distribution des résultats
% des personnes avec chaque résultat
Percentile par nombre de réponses
Votre historique - résultats
Vous n’avez pas pris ce quiz